| 000 | 00774nam a2200241Ia 4500 | ||
|---|---|---|---|
| 003 | GCL | ||
| 005 | 20240530110109.0 | ||
| 008 | 140319s9999 xx 000 0 ara d | ||
| 040 |
_aGCL / _cGCL |
||
| 082 | 0 | 4 |
_a740 _bا ت |
| 100 | 1 | _aاسامة النحاس | |
| 245 | 1 | 0 |
_aالتصميمات الزخرفية للرسم على الزجاج والسيراميك والخشب والقماش / _cاسامة النحاس |
| 260 |
_aالقاهرة : _bدار حراء، _c[199?]. |
||
| 300 |
_a3 جزء ؛ _c29 سم |
||
| 650 | 0 | 4 | _aالفنون |
| 650 | 0 | 4 | _aالزخرفة |
| 650 | 0 | 4 | _aالفن الزخرفى |
| 650 | 0 | 4 | _aالتصميم الزخرفى |
| 650 | 0 | 4 | _aالخزف |
| 650 | 0 | 4 | _aالزجاج |
| 650 | 0 | 4 | _aالنحت بالخشب |
| 942 |
_2ddc _cBK |
||
| 999 |
_c58510 _d58510 |
||